000 01192nam a2200229 a 4500
001 76446
003 BD-RjUL
005 20211209082838.0
008 191205s2014 bg ||||| |||| 00| 0 ben d
020 _a9789843384287
035 _a(BD-RjUL)76667
040 _aBD-RjUL
_bben
_cBD-RjUL
_dBD-RjUL
_eBD-RjUL
041 _aben
082 _a297.12259144
_bALW 2014
_223
100 1 0 _aআলী, মোহাম্মদ রওশন
_9236059
245 1 0 _aপবিত্র কোরআন হতে আমরা কি জানতে ও শিখতে পারি এবং আমাদের করণীয় কি?
_b= (What can we know and learn from the Holy Quran and what are our duties?) /
_cঅধ্যাপক ড: মোহাম্মদ রওশন আলী
260 _aঢাকা :
_bরওশন আলী ও জোহরা আলী ওয়েলফেয়ার ট্রাস্ট,
_c২০১৪
300 0 0 _avii, ৩০২ পৃ. ;
_c২২ সেমি.
650 _aকুরআন
_vসমালোচনা, ব্যাখ্যা ইত্যাদি
_9236060
650 _aQurʼan
_vCriticism, interpretation, etc.
_9236061
942 _2ddc
_cBK
999 _c76446
_d76446